Market forecast (Record no. 83746)

MARC details
000 -LEADER
fixed length control field 00773cab a22001935a 4500
001 - CONTROL NUMBER
control field L154904
008 - FIXED-LENGTH DATA ELEMENTS--GENERAL INFORMATION
fixed length control field 310112e20120127xxkd f 000 0 eng d
035 ## - SYSTEM CONTROL NUMBER
System control number (Sirsi) u154904
041 0# - LANGUAGE CODE
Language code of text/sound track or separate title eng
100 1# - MAIN ENTRY--PERSONAL NAME
Personal name Fordham, Peter
245 00 - TITLE STATEMENT
Title Market forecast
Remainder of title that sinking feeling
260 ## - PUBLICATION, DISTRIBUTION, ETC.
Date of publication, distribution, etc. 2012
490 #0 - SERIES STATEMENT
Series statement Building
Volume/sequential designation 277(8712) 27 January 2012, 47-49(3)
520 ## - SUMMARY, ETC.
Summary, etc. Construction output looks set to fall by 5% in 2012 as new work dries up and the UK, like the rest of Europe, slips back into recession. Executive summary, trends and forecast, hot topic: infrastructure, construction output and new orders, and building cost index. Davis Langdon Index Series.
590 ## - LOCAL NOTE (RLIN)
Local note KA
651 #4 - SUBJECT ADDED ENTRY--GEOGRAPHIC NAME
Geographic name United Kingdom
Chronological subdivision
690 ## - LOCAL SUBJECT ADDED ENTRY--TOPICAL TERM (OCLC, RLIN)
Topical term or geographic name as entry element Construction management
9 (RLIN) 6230
942 ## - ADDED ENTRY ELEMENTS (KOHA)
Suppress in OPAC 0
Holdings
Withdrawn status Lost status Source of classification or shelving scheme Damaged status Not for loan Home library Current library Shelving location Date acquired Total Checkouts Full call number Barcode Date last seen Copy number Price effective from Koha item type
    Dewey Decimal Classification     London London Journal article 31/01/2012   L154904 154904-1001 06/08/2019 1 06/08/2019 Journal article